Aktuálna situácia na poistnom trhu v SR diplomová práca

Salvato in:
Dettagli Bibliografici
Autore principale: Mikiničová, Kristína
Ente Autore: Fakulta podnikového manažmentu EU. Katedra podnikových financií
Altri autori: Hrvoľová, Božena
Natura: Libro
Lingua:slovacco
Pubblicazione: Bratislava 2015
Tags: Aggiungi Tag
Nessun Tag, puoi essere il primo ad aggiungerne!!

MARC

LEADER 00000nbm a2200000 4500
001 0202994
005 20161212102853.1
041 0 |a slo 
044 |a SK 
245 1 0 |a Aktuálna situácia na poistnom trhu v SR  |b diplomová práca  |c Kristína Mikiničová ; školiteľ: Božena Hrvoľová 
264 1 |a Bratislava  |c 2015 
300 |a 63 s. 
100 1 |a Mikiničová, Kristína 
700 1 |a Hrvoľová, Božena 
710 2 |a Fakulta podnikového manažmentu EU. Katedra podnikových financií